The war and Colonel Warden / (Record no. 24383)
[ view plain ]
| 000 -LEADER | |
|---|---|
| fixed length control field | 00945nam a2200241 a 4500 |
| 001 - CONTROL NUMBER | |
| control field | 24383 |
| 003 - CONTROL NUMBER IDENTIFIER | |
| rucl marc code | BD-RjUL |
| 005 - DATE AND TIME OF LATEST TRANSACTION | |
| control field | 20211209001038.0 |
| 008 - FIXED-LENGTH DATA ELEMENTS--GENERAL INFORMATION | |
| fixed length control field | 140313s1963 enkabcf 001 0deng d |
| 035 ## - SYSTEM CONTROL NUMBER | |
| System control number | (BD-RjUL)24449 |
| 040 ## - CATALOGING SOURCE | |
| Original cataloging agency | AAWM |
| Language of cataloging | eng |
| Transcribing agency | AAWM |
| Modifying agency | NSL:R |
| -- | BD-RjUL |
| 041 ## - LANGUAGE CODE | |
| Language code of text/sound track or separate title | eng |
| 082 14 - DEWEY DECIMAL CLASSIFICATION NUMBER | |
| Classification number | 940.341 |
| Edition number | 19 |
| Author mark and year | PAW 1963 |
| 100 1# - MAIN ENTRY--PERSONAL NAME | |
| Personal name | Pawle, Gerald. |
| 9 (RLIN) | 75066 |
| 245 14 - TITLE STATEMENT | |
| Title | The war and Colonel Warden / |
| Statement of responsibility, etc. | by Gerald Pawle ; based on the recollections of C.R. Thompson, personal assistant to the Prime Minister, 1940-45 ; with a foreword by W. Averell Marriman. |
| 260 ## - PUBLICATION, DISTRIBUTION, ETC. (IMPRINT) | |
| Place of publication, distribution, etc. | London : |
| Name of publisher, distributor, etc. | George G. Harrap, |
| Date of publication, distribution, etc. | 1963. |
| 300 ## - PHYSICAL DESCRIPTION | |
| Pagination | 427 p., [14] p. of plates, (1 folded), : |
| Illustrations | ill., facsims., map, ports. ; |
| Size | 23 cm. |
| 504 ## - BIBLIOGRAPHY, ETC. NOTE | |
| Bibliography, etc | Bibliography: p.408-410. and index. |
| 600 10 - SUBJECT ADDED ENTRY--PERSONAL NAME | |
| Personal name | Churchill, Winston, |
| Dates associated with a name | 1874-1965. |
| 650 #0 - SUBJECT ADDED ENTRY--TOPICAL TERM | |
| Topical term or geographic name as entry element | World War, 1939-1945 |
| Geographic subdivision | Great Britain. |
| 9 (RLIN) | 75067 |
| 700 1# - ADDED ENTRY--PERSONAL NAME | |
| Personal name | Thompson, C. R. |
| Fuller form of name | (Charles Ralfe) |
| 942 ## - ADDED ENTRY ELEMENTS (KOHA) | |
| Source of classification or shelving scheme | Dewey Decimal Classification |
| Koha item type | Books |
| Lost status | Source of classification or shelving scheme | Damaged status | Not for loan | Collection code | Permanent Location | Current Location | Shelving location | Date acquired | Source of acquisition | Cost, normal purchase price | Total Checkouts | Full call number | Date last seen | Copy number | Koha item type |
|---|---|---|---|---|---|---|---|---|---|---|---|---|---|---|---|
| Dewey Decimal Classification | Added to bundle | Non-fiction | Central Library, University of Rajshahi | Central Library, University of Rajshahi | Reading Room | 28/05/1964 | Thomas & Thomas. | 31.50 | 940.341 PAW 1963 | 13/03/2014 | C-1 | Books |